| 000 | 00934aam a2200349 4500 | ||
|---|---|---|---|
| 005 | 20241009154640.0 | ||
| 008 | 150612b2004 ck ||||| |||| 00| 0 spa d | ||
| 020 | _a9586672292 | ||
| 041 | _aESP | ||
| 082 | _a611 C921a | ||
| 100 |
_aCrespo, Xavier _925335 |
||
| 100 |
_aCurell, Nuria _925336 |
||
| 100 |
_aCurell, Jordi _925337 |
||
| 245 | _aAnatomía descriptiva y salud corporal | ||
| 260 | _aColombia | ||
| 260 | _bZamora Editores | ||
| 260 | _c2004 | ||
| 300 | _a127 páginas | ||
| 300 | _bIlustraciones a color | ||
| 300 | _eDisco compacto N°244 | ||
| 650 | _aANATOMÍA HUMANA | ||
| 650 | _aSISTEMA MUSCULAR | ||
| 650 | _aAPARATO CARDIOVASCULAR | ||
| 650 | _aSISTEMA NERVIOSO | ||
| 650 | _aAPARATO DIGESTIVO | ||
| 650 | _aAPARATO RESPIRATORIO | ||
| 650 | _aAPARATO URINARIO | ||
| 650 | _aAPARATO GENITAL | ||
| 650 | _aENFERMEDADES DE TRANSMISIÓN SEXUAL | ||
| 942 |
_cBK _2ddc |
||
| 999 |
_c1321 _d1321 |
||